Villes de France en N - Statistiques

Statistiques générales
  • Ce quiz a été pris 215 fois
  • Le résultat moyen est 10 sur 15
Statistiques - réponses
Indices Villes % Correct
Ville de la Côte d'Azur connue pour la Promenade des Anglais. Nice
100%
Ville de Loire-Atlantique, cité des Ducs de Bretagne, arborant un maillot jaune au football. Nantes
98%
Ville du Gard, connue pour son immense arène romaine. Nîmes
91%
Ville de Meurthe-et-Moselle connue pour la place Stanislas. Nancy
89%
Préfecture de la Nièvre, se traduisant par "Jamais" en anglais. Nevers
88%
Préfecture des Hauts-de-Seine, ayant un bon club de Basket-ball. Nanterre
81%
Préfecture des Deux-Sèvres, où les Chamois jouent au football. Niort
81%
Chef-lieu de la Nouvelle-Calédonie, atteignant les 100 000 habitants. Nouméa
78%
Plus grande ville de l'Aude, ville natale de Charles Trénet. Narbonne
69%
Ville de la région parisienne, citée par les Inconnus dans la chanson Auteuil, ... , Passy". Neuilly-sur-Seine
59%
Ville de l'Ain, homonyme d'une sauce béchamel avec de la tomate. Nantua
36%
Sous-préfecture de la Drôme, située au pied du Mont Ventoux. Nyons
23%
Ville de la région parisienne, située près du parc Disneyland. Noisy-le-Grand
21%
Homonyme de la ville ci-dessus, mais traversée par un autre cours d'eau en Grand-Est. Nogent-sur-Marne
18%
Ville de l'Oise, située au Nord de la ville de Creil. Nogent-sur-Oise
18%
Aucun quiz correspondant
Distribution des résultats
% des personnes avec chaque résultat
Percentile par nombre de réponses
Votre historique - résultats
Vous n’avez pas pris ce quiz